African Animals by Picture A-Z - Statistics

General Stats
  • This quiz has been taken 1,072 times
  • The average score is 16 of 26
Answer Stats
Picture Answer % Correct
Cheetah
96%
Elephant
96%
Giraffe
95%
Hippo
95%
Lion
93%
Baboon
92%
Yellow Baboon
92%
Rhinoceros
89%
Fennec Fox
88%
Zebra
85%
Aardvark
80%
Porcupine
78%
Otter
77%
Impala
69%
Wildebeest
67%
Jackal
66%
Mongoose
51%
Viper
46%
Desert Warthog
39%
Nyala
18%
Klipspringer
14%
Topi
9%
Xerus
6%
Quelea
4%
Uromastyx
4%
Sable Bull (Antelope)
2%
No matching quizzes found
Score Distribution
Percent of People with Each Score
Percentile by Number Answered
Your Score History
You have not taken this quiz